Límites II: Redes, Movimientos y Contactos en el Mundo Antiguo.

Kaydedildi:
Detaylı Bibliyografya
Diğer Yazarlar: Sáez Geoffroy, Andrés (Editör)
Materyal Türü: Kitap
Dil:İngilizce
Baskı/Yayın Bilgisi: Temuco, Chile: GEIMA Historia Antigua Ediciones, 2022.
Seri Bilgileri:Colección GEIMA Historia Antigua. Serie Historia de Roma Nº 1
Konular:
Etiketler: Etiketle
Etiket eklenmemiş, İlk siz ekleyin!

MARC

LEADER 00000nam a22000007a 4500
003 CL-VaPUC
005 20230808150946.0
008 211201b2022 ||||| |||| 00| 0 eng d
999 |c 441389  |d 441387 
020 |a 978-956-09579-2-4 
040 |c Pontificia Universidad Católica de Valparaíso 
082 0 4 |2 22  |a 930 SAE 2022 
100 1 |a Sáez Geoffroy, Andrés  |9 584416  |e editor 
245 1 0 |a Límites II: Redes, Movimientos y Contactos en el Mundo Antiguo. 
260 |a Temuco, Chile:  |b GEIMA Historia Antigua Ediciones,  |c 2022. 
300 |a 183 páginas 
490 0 |a Colección GEIMA Historia Antigua.   |a Serie Historia de Roma  |v  Nº 1 
500 |a c.1 Donacion Sr. Andrés Sáez Geoffroy (autor) memo HIS/010 19-10-2021 
583 |c 20211201  |k Catalogador Asistente 
650 1 |a Mundo antiguo  |x Identidad cultural   |9 883803 
650 1 |a Mundo antiguo  |x Epigrafía  |9 883804 
650 1 |a Mundo antiguo  |x Muerte   |9 883805 
650 1 |a Mundo antiguo  |x Identidad romana  |9 883806 
650 1 |a Estrategías militares  |x Redes de espionaje   |9 883808  |y Mundo antiguo 
942 |2 ddc  |c BK 
952 |0 0  |1 0  |2 ddc  |4 0  |6 930_000000000000000_SAE_2022  |7 0  |8 A  |9 590899  |a BIBHIS  |b BIBHIS  |c GEN  |d 2023-07-18  |e Donación  |i 5658089  |o 930 SAE 2022  |p 5658089  |r 2025-01-20  |t 1  |w 2023-07-18  |y BK  |k HIS